000
00320nam a2200133Ia 4500
005
20251222155154.0
008
251222s9999||||xx |||||||||||||| ||spa||
082
_a
EPI. 11
100
_a
MacMahon, Brian.
245
0
_a
Principios y MĂ©todos de la EpidemiologĂa
250
_a
2da. ed.
264
_b
P.M.M
942
_c
LIB
999
_c
39663
_d
39663